000 00768cam a2200229 4500
001 WB364027
008 000000n2000 000 0 eng u
035 _a(Sirsi) u108716
245 2 _aA permanent reminder
260 _c2000
490 _aEstates Gazette
_v(0040) 7 October 2000, 179(1)
520 _aDiscusses the case "Hair v Gillman" (2000) 80 PCR 108-116, which examined whether permanent rights can be created without being expressly intended, on the sale or lease of part of land .
590 _aWB
650 _aLAW OF PROPERTY ACT 1925 S62(1)
650 _aIMPLIED GRANT
650 _aPARKING
650 _aFORECOURT
650 _aPERMISSIVE RIGHTS
650 _aHAIR V GILLMAN AND INSKIP
690 _aPROPERTY LAW AND PRACTICE
942 _n0
999 _c64897
_d64897